000 02975nam a22001577a 4500
041 _aukr
080 _a09
090 _bБЕР
100 _aБережицька Х. Б.
245 _aФормування та функціонування молодіжного сленгу в англомовному лінгвокультурному середовищі
260 _aОстрог
_bКАФ
_c2012
300 _a106
520 _aРОЗДІЛ 1. МОЛОДІЖНИЙ СЛЕНГ: МОВНА СПЕЦИФІКАЦІЯ ТА ФУНКЦІОНАЛЬНО-ПОБУТОВИЙ СТАТУС. 1.1. Походження терміну "сленг". Загальна характеристика сленгу. 1.2. Загальний та спеціальний сленг. 1.3. Соціально-психологічні умови виникнення та місце сленгової лексики у молодіжному мовленні. РОЗДІЛ 2. НЕОЛОГІЗМИ В АНГЛІЙСЬКІЙ МОЛОДІЖНІЙ СУБКУЛЬТУРІ. 2.1. Лінгвістичні особливості англійського молодіжного ленгу. 2.2. Аналіз активних слів та словосполучень в англійському молодіжному слензі. РОЗДІЛ 3. МОРФОЛОГІЧНІ СПОСОБИ ТВОРЕННЯ МОЛОДІЖНОЇ СЛЕНГОВОЇ ЛЕКСИКИ АНГЛІЙСЬКОЇ МОВИ. 3.1. Афіксальний спосіб творення сленгу. 3.2. Утворення нових слів шляхом скорочення. Абревіація. 3.3. Лексико-семантичний словотвір в молодіжному слензі. РОЗДІЛ 4. ФУНКЦІОНУВАННЯ КУЛЬТУРНОЇ КОНОТАЦІЇ ОДИНИЦЬ АНГЛІЙСЬКОГО МОЛОДІЖНОГО СЛЕНГУ (американський варіант). 4.1. Сленгова лексична одиниця та її культурно значуща інформація. 4.2. Культуровідносна функція ФО молодіжного сленгу. 4.2.1. ФО молодіжного сленгу, які за своєю структурою відповідають реченню. 4.2.2. Сленгові ФО, що включають до свого складу назви тварин, птахів тощо. 4.2.3. ФО молодіжного сленгу із соматичними словами. 4.2.4. ФО молодіжного сленгу із назвами продуктів харчування. 4.2.5. Сленгові ФО зі словами, що позначають одяг. 4.2.6. Еліптичні клішовані сленгові вирази. 4.3. Лінгвокультуреми – числівники в молодіжному слензі.
_0сленг, неологізми
650 _aResearch Papers
999 _c284971
_d284971
942 _cBK